00000000nam##2200000za#4500
0019.570431
003CaOODSP
00520220302142610
007cr |||||||||||
008150406|2005||||xxc|||||o    f|0| 0 eng|d
040 |aCaOODSP|beng
043 |an-cn---
0861 |aIu182-2/2005-B-04E-PDF
1101 |aCanada. |bIndustry Canada. |bMicro-Economic Policy Analysis Branch.
24510|aMinimum wages and human capital investments of young workers : |h[electronic resource]|bwork related training and school enrolment / |c[by] Michael Baker.
260 |aOttawa - Ontario : |bIndustry Canada.
300 |a65p.|bgraphs, references, tables
4901 |aSkills Research Initiative - Working paper series|v2005 B-04
546 |a(Résumé en français.)
590 |a12-10-Supp|b2012-03-23
7201 |aBaker, Michael
830#0|aSkills Research Initiative working paper series ;|v2005 B-04|w(CaOODSP)9.506390
85640|ahttp://publications.gc.ca|qPDF|s1.51 MB|uhttps://publications.gc.ca/collections/collection_2011/ic/Iu182-2-2005-B-04-eng.pdf|y2005 B-04